| 000 | 01214cad a22002655a 4500 | ||
|---|---|---|---|
| 001 | L158141 | ||
| 008 | 140903s2014 xxk f 000 0 eng d | ||
| 035 | _a(Sirsi) u158141 | ||
| 041 | 0 | _aeng | |
| 110 | 2 |
_aRoyal Institution of Chartered Surveyors _94900 |
|
| 240 | _aBlue Book | ||
| 245 | 0 | 0 |
_aAdvice for members _bInterpreting CPRS, BRRS and associated guidance from OFT and CMA _h[electronic resource] |
| 260 |
_aLondon _cRICS _b2014 |
||
| 490 | 0 |
_aRICS Information Alert _v27 August 2014 |
|
| 520 | _aRICS briefly summarises Office of Fair Trading (OFT) and Competition and Markets Authority (CMA) guidance on Consumer Protection from Unfair Trading Regulations 2008 (CPRs) and Business Protection from Misleading Marketing Regulations 2008 (BPRs). | ||
| 590 | _aKA | ||
| 650 | 2 | 4 | _aPROPERTY MISDESCRIPTIONS ACT 1991 |
| 650 | 2 | 4 | _aCONSUMER PROTECTION FROM UNFAIR TRADING REGULATIONS 2008 |
| 650 | 2 | 4 | _aBUSINESS PROTECTION FROM MISLEADING MARKETING REGULATIONS 2008 |
| 650 | 2 | 4 | _aBLUE BOOK |
| 651 | 4 |
_aEngland and Wales _y1543- |
|
| 690 | _aResidential | ||
| 856 | 4 | 0 |
_uhttps://www.rics.org/Global/Info_alert_finalproofs.pdf _zView the item free of charge from the www.rics.org website |
| 942 | _n0 | ||
| 999 |
_c115167 _d115167 |
||